Microbial reaction to environment : (Record no. 72587)
[ view plain ]
| 000 -LEADER | |
|---|---|
| fixed length control field | 00931nam a2200241 a 4500 |
| 001 - CONTROL NUMBER | |
| control field | 72587 |
| 003 - CONTROL NUMBER IDENTIFIER | |
| rucl marc code | BD-RjUL |
| 005 - DATE AND TIME OF LATEST TRANSACTION | |
| control field | 20211209082301.0 |
| 008 - FIXED-LENGTH DATA ELEMENTS--GENERAL INFORMATION | |
| fixed length control field | 170521s1961 enkaf b 100 0 eng u |
| 035 ## - SYSTEM CONTROL NUMBER | |
| System control number | (BD-RjUL)72805 |
| 040 ## - CATALOGING SOURCE | |
| Transcribing agency | YSM |
| Modifying agency | EQO |
| Original cataloging agency | BD-RjUL |
| Language of cataloging | eng |
| 041 ## - LANGUAGE CODE | |
| Language code of text/sound track or separate title | eng |
| 082 ## - DEWEY DECIMAL CLASSIFICATION NUMBER | |
| Edition number | 23 |
| Classification number | 579 |
| Author mark and year | MIC 1961 |
| 245 10 - TITLE STATEMENT | |
| Title | Microbial reaction to environment : |
| Remainder of title | eleventh symposium of the Society for General Microbiology held at the Royal Institution, London, April 1961 / |
| Statement of responsibility, etc. | Edited by G.G. Meynell |
| 260 ## - PUBLICATION, DISTRIBUTION, ETC. (IMPRINT) | |
| Place of publication, distribution, etc. | Cambridge [Cambridgeshire] : |
| Name of publisher, distributor, etc. | Published for the Society for General Microbiology at the University Press, |
| Date of publication, distribution, etc. | 1961. |
| 300 ## - PHYSICAL DESCRIPTION | |
| Pagination | ix, 416 p. : |
| Illustrations | ill. ; |
| Size | 25 cm. |
| 504 ## - BIBLIOGRAPHY, ETC. NOTE | |
| Bibliography, etc | Includes bibliography |
| 650 #0 - SUBJECT ADDED ENTRY--TOPICAL TERM | |
| Topical term or geographic name as entry element | Microorganisms |
| General subdivision | Physiology |
| Form subdivision | Congresses. |
| 9 (RLIN) | 214698 |
| Topical term or geographic name as entry element | Microbial ecology |
| General subdivision | Congresses. |
| 9 (RLIN) | 214717 |
| 700 1# - ADDED ENTRY--PERSONAL NAME | |
| Personal name | Meynell, G. G. |
| Fuller form of name | (Geoffrey Guy) |
| Personal name | Gooder, H |
| 942 ## - ADDED ENTRY ELEMENTS (KOHA) | |
| Source of classification or shelving scheme | Dewey Decimal Classification |
| Koha item type | Books |
| Lost status | Source of classification or shelving scheme | Damaged status | Not for loan | Collection code | Permanent Location | Current Location | Shelving location | Date acquired | Source of acquisition | Cost, normal purchase price | Total Checkouts | Full call number | Date last seen | Copy number | Koha item type |
|---|---|---|---|---|---|---|---|---|---|---|---|---|---|---|---|
| Dewey Decimal Classification | Not For Loan | Non-fiction | Central Library, University of Rajshahi | Central Library, University of Rajshahi | Reading Room | 05/11/1969 | Sweet & Zeitlinger | 45.00 | 579 MIC 1961 | 21/05/2017 | C-1 | Books |